Catalog

Record Details

Catalog Search



Available copies

  • 1 of 1 copy available at LARL/NWRL Consortium.
  • 1 of 1 copy available at Lake Agassiz Regional Library. (Show preferred library)

Current holds

0 current holds with 1 total copy.

Show All Copies
Location Call Number / Copy Notes Barcode Shelving Location Status Due Date
Moorhead Public Library DVD GOO (Text) 33500012788741 Main Available -

Record details

  • Physical Description: 2 videodiscs (approximately 288 min.) : sound, ... Read More
  • Publisher: [Silver Spring, Maryland] : Acorn Media, [2018]
  • Distributor: [Silver Spring, Maryland] : distributed by RLJ Entertainment

Content descriptions

General Note:
Title and credits from container.
Created by Dan Sefton.
Wide screen.
Special features include a behind-the-scenes featurette (30 min.).
Bibliography, etc. Note:
Disc 1, episodes 1-3 (approximately 144 min.) -- ... Read More
Formatted Contents Note:
Disc 1, episodes 1-3 (approximately 144 min.) -- ... Read More
Creation/Production Credits Note:
Directed by Alex Winckler, Lisa Clarke ; produced ... Read More
Participant or Performer Note:
Amanda Redman, Amrita Acharia, James Krishna ... Read More
Date/Time and Place of an Event Note:
Originally broadcast on television as individual ... Read More
Summary, etc.:
The continuing story of British transplant Dr. ... Read More
Target Audience Note:
Not rated.
System Details Note:
DVD; 16:9 widescreen; 51. Dolby digital.
Language Note:
In English; SDH subtitles in English.
Subject: Women physicians > India > Drama.
Clinics > India > Drama.
India > Social life and customs > 21st century > Drama.
Clinics.
Manners and customs.
Women physicians.
India.
Genre: Medical television programs.
Fiction television programs.
Television series.
Video recordings for the hearing impaired.
Drama.
Fiction television programs.
Medical television programs.
Television series.
Video recordings for the hearing impaired.
LDR 04532cgm a2200949Ii 4500
001299671
003LARL_NWRL_CONSORTIUM
00520181016144548.0
008180723s2018 mdu288 vleng d
007vd cvaizq
040 . ‡aJBL ‡beng ‡erda ‡cJBL ‡dJBL ‡dTEF ‡dOCLCA ‡dOCLCF ‡dTOH ‡dCLE
019 . ‡a1051451445 ‡a1055275167
02410. ‡a054961264896
02842. ‡aAMP-2648 ‡bAcorn Media ‡q(set container)
035 . ‡a(OCoLC)1045426531 ‡z(OCoLC)1051451445 ‡z(OCoLC)1055275167
0410 . ‡aeng ‡jeng ‡heng
043 . ‡aa-ii---
08204. ‡a791.45/72 ‡223
24504. ‡aThe Good Karma Hospital. ‡nSeries 2.
2463 . ‡aGood Karma Hospital. ‡nSeries two
264 1. ‡a[Silver Spring, Maryland] : ‡bAcorn Media, ‡c[2018]
264 2. ‡a[Silver Spring, Maryland] : ‡bdistributed by RLJ Entertainment
300 . ‡a2 videodiscs (approximately 288 min.) : ‡bsound, color ; ‡c4 3/4 in.
336 . ‡atwo-dimensional moving image ‡btdi ‡2rdacontent
337 . ‡avideo ‡bv ‡2rdamedia
338 . ‡avideodisc ‡bvd ‡2rdacarrier
344 . ‡adigital ‡boptical ‡2rda
346 . ‡aDVD ‡bNTSC ‡2rda
347 . ‡avideo file ‡bDVD video ‡eregion 1 ‡2rda
380 . ‡aTelevision program.
4900 . ‡aGood Karma Hospital ; ‡vSeries 2
538 . ‡aDVD; 16:9 widescreen; 51. Dolby digital.
546 . ‡aIn English; SDH subtitles in English.
500 . ‡aTitle and credits from container.
5111 . ‡aAmanda Redman, Amrita Acharia, James Krishna Floyd, Neil Morrissey.
508 . ‡aDirected by Alex Winckler, Lisa Clarke ; produced by John Chapman, Jeremy Gwilt ; written by Dan Sefton, Ben Edwards, Nicola Wilson, Gabbie Asher ; a Tiger Aspect production for ITV.
518 . ‡aOriginally broadcast on television as individual episodes of the medical drama series.
500 . ‡aCreated by Dan Sefton.
500 . ‡aWide screen.
5218 . ‡aNot rated.
520 . ‡aThe continuing story of British transplant Dr. Ruby Walker and the staff of the Good Karma Hospital as they work to heal their patients in modern-day rural India.
5050 . ‡aDisc 1, episodes 1-3 (approximately 144 min.) -- Disc 2, episodes 4-6 (approximately 144 min.).
500 . ‡aSpecial features include a behind-the-scenes featurette (30 min.).
504 . ‡aDisc 1, episodes 1-3 (approximately 144 min.) -- Disc 2, episodes 4-6 (approximately 144 min.).
650 0. ‡aWomen physicians ‡zIndia ‡vDrama.
650 0. ‡aClinics ‡zIndia ‡vDrama.
651 0. ‡aIndia ‡xSocial life and customs ‡y21st century ‡vDrama.
650 7. ‡aClinics. ‡2fast ‡0(LARL_NWRL_CONSORTIUM)157802
650 7. ‡aManners and customs. ‡2fast ‡0(LARL_NWRL_CONSORTIUM)25043
650 7. ‡aWomen physicians. ‡2fast ‡0(LARL_NWRL_CONSORTIUM)34749
651 7. ‡aIndia. ‡2fast ‡0(LARL_NWRL_CONSORTIUM)4460
648 7. ‡a2000-2099 ‡2fast
655 7. ‡aMedical television programs. ‡2lcgft ‡0(LARL_NWRL_CONSORTIUM)175775
655 7. ‡aFiction television programs. ‡2lcgft ‡0(LARL_NWRL_CONSORTIUM)175627
655 7. ‡aTelevision series. ‡2lcgft ‡0(LARL_NWRL_CONSORTIUM)175797
655 7. ‡aVideo recordings for the hearing impaired. ‡2lcgft ‡0(LARL_NWRL_CONSORTIUM)175744
655 7. ‡aDrama. ‡2fast
655 7. ‡aFiction television programs. ‡2fast ‡0(LARL_NWRL_CONSORTIUM)175627
655 7. ‡aMedical television programs. ‡2fast ‡0(LARL_NWRL_CONSORTIUM)175775
655 7. ‡aTelevision series. ‡2fast ‡0(LARL_NWRL_CONSORTIUM)175797
655 7. ‡aVideo recordings for the hearing impaired. ‡2fast ‡0(LARL_NWRL_CONSORTIUM)175744
7001 . ‡aSefton, Dan ‡c(Writer), ‡ecreator, ‡escreenwriter.
7001 . ‡aWinckler, Alex, ‡etelevision director.
7001 . ‡aClarke, Lisa ‡c(Television director), ‡etelevision director.
7001 . ‡aChapman, John ‡c(Television producer), ‡etelevision producer.
7001 . ‡aGwilt, Jeremy, ‡etelevision producer. ‡0(LARL_NWRL_CONSORTIUM)211592
7001 . ‡aEdwards, Ben ‡c(Television writer) ‡escreenwriter
7001 . ‡aWilson, Nicola, ‡d1975- ‡escreenwriter.
7001 . ‡aAsher, Gabbie, ‡escreenwriter.
7001 . ‡aRedman, Amanda, ‡d1957- ‡eactor.
7001 . ‡aAcharia, Amrita, ‡eactor.
7001 . ‡aFloyd, James Krishna, ‡eactor.
7001 . ‡aMorrissey, Neil, ‡eactor. ‡0(LARL_NWRL_CONSORTIUM)208470
7102 . ‡aTiger Aspect Productions, ‡eproduction company. ‡0(LARL_NWRL_CONSORTIUM)148963
7102 . ‡aITV (Firm), ‡ebroadcaster. ‡0(LARL_NWRL_CONSORTIUM)97375
7102 . ‡aAcorn Media (Firm), ‡epublisher. ‡0(LARL_NWRL_CONSORTIUM)151261
7102 . ‡aRLJ Entertainment, ‡efilm distributor.
73002. ‡iContainer of (work): ‡aGood Karma Hospital (Television program). ‡nSeason 2.
8567 . ‡3Click here to view cover art ‡uhttp://midwesttapes.com/images/movies/12167434.gif ‡2http
8567 . ‡3View cover art ‡uhttp://midwesttapes.com/images/movies/000/000/000/012/167/000000000012167434.jpg ‡2http
901 . ‡a299671 ‡bOCoLC ‡c299671 ‡tbiblio ‡soclc

Additional Resources